Sports Quiz

Random Sports or Basketball Quiz

NBA Yearly Minutes per Game Leaders Quiz Stats

Quiz Updated Apr 24, 2017

Also try: NBA Finals MVPs
Challenge
Share
Tweet
Embed
Score 0/66 Timer 07:00
1 Play Today
Year Player % Correct
2016-2017LeBron James
99%
2015-2016James Harden
94.6%
2013-2014Carmelo Anthony
92.1%
2007-2008Allen Iverson
90.1%
2006-2007Allen Iverson
90%
2005-2006Allen Iverson
90%
2003-2004Allen Iverson
90%
2002-2003Allen Iverson
90%
2001-2002Allen Iverson
90%
1999Allen Iverson
90%
2004-2005LeBron James
89.6%
1988-1989Michael Jordan
86.8%
1987-1988Michael Jordan
86.8%
2014-2015Jimmy Butler
81.6%
1968-1969Wilt Chamberlain
76%
1967-1968Wilt Chamberlain
76%
1966-1967Wilt Chamberlain
76%
1965-1966Wilt Chamberlain
76%
1963-1964Wilt Chamberlain
76%
1962-1963Wilt Chamberlain
76%
1961-1962Wilt Chamberlain
76%
1960-1961Wilt Chamberlain
76%
1959-1960Wilt Chamberlain
76%
1986-1987Larry Bird
75.9%
1984-1985Larry Bird
75.9%
1981-1982Moses Malone
66.9%
1978-1979Moses Malone
66.9%
1992-1993Larry Johnson
66.8%
1958-1959Bill Russell
61.7%
2012-2013Luol Deng
57.6%
2011-2012Luol Deng
57.6%
1964-1965Oscar Robertson
56.3%
2008-2009Andre Iguodala
54.4%
Year Player % Correct
2010-2011Monta Ellis
53.8%
2009-2010Monta Ellis
53.8%
1991-1992Chris Mullin
53%
1990-1991Chris Mullin
53%
1971-1972John Havlicek
49.3%
1970-1971John Havlicek
49.3%
1976-1977Pete Maravich
43%
2000-2001Michael Finley
42.5%
1999-2000Michael Finley
42.5%
1997-1998Michael Finley
42.5%
1975-1976Bob McAdoo
37.6%
1974-1975Bob McAdoo
37.6%
1977-1978Truck Robinson
35.1%
1980-1981Adrian Dantley
33.8%
1979-1980Adrian Dantley
33.8%
1973-1974Elvin Hayes
32.6%
1969-1970Elvin Hayes
32.6%
1993-1994Latrell Sprewell
28.8%
1985-1986Maurice Cheeks
27%
1956-1957Dolph Schayes
25.9%
1957-1958Dolph Schayes
25.9%
1972-1973Tiny Archibald
22.5%
1996-1997Anthony Mason
22.4%
1995-1996Anthony Mason
22.4%
1954-1955Paul Arizin
19.4%
1951-1952Paul Arizin
19.4%
1994-1995Vin Baker
11.6%
1982-1983Kelly Tripucka
9.1%
1952-1953Neil Johnston
7.4%
1953-1954Neil Johnston
7.4%
1983-1984Jeff Ruland
3.1%
1955-1956Jack George
1.5%
1989-1990Rodney McCray
1%

You're not logged in!

Compare scores with friends on all Sporcle quizzes.
Sign Up with Email
OR
Log In

You Might Also Like...

Show Comments

Extras

Top Quizzes Today


Score Distribution

Your Account Isn't Verified!

In order to create a playlist on Sporcle, you need to verify the email address you used during registration. Go to your Sporcle Settings to finish the process.